|
|
|
|
| LEADER |
00000nam a2200000uu 4500 |
| 001 |
(DE-602)kobvindex_ZLB13650754 |
| 003 |
DE-602 |
| 005 |
20250909125236.0 |
| 007 |
tu |
| 008 |
040407s2004 ||||||||||||||||||||eng|| |
| 020 |
|
|
|a 3861873869
|
| 035 |
|
|
|a (DE-101)969326440
|
| 035 |
|
|
|a (DE-599)KBVZLB13650754
|
| 040 |
|
|
|a DE-602
|c ct
|
| 041 |
|
|
|a eng
|
| 044 |
|
|
|c XA-DE
|
| 049 |
|
|
|a DE-609;13650754
|
| 100 |
0 |
|
|a Lalli
|0 (DE-609)12186550
|
| 245 |
1 |
0 |
|a Sexbomb!
|c Lalli X
|
| 260 |
3 |
|
|a Berlin
|b Gmünder
|c 2004
|
| 300 |
|
|
|a [78] Seiten
|b überw. Ill.
|
| 546 |
|
|
|a Text engl.
|
| 942 |
|
|
|2 ddc
|c BK
|
| 952 |
|
|
|0 0
|1 0
|2 ddc
|4 0
|6 B_AFT01LALLXSEX11
|7 0
|9 8216
|a MI
|b MI
|d 2004-01-01
|i 4729
|l 0
|o B-AFT01-LALLX-SEX11
|p CDOM4729
|r 2025-07-17 21:50:00
|w 2025-07-17
|x ACQUISTO
|y BK
|
| 999 |
|
|
|c 6876
|d 6876
|